Statistics for Elvis Presley Discography

Click here to take the quiz!

General Stats

  • This quiz has been taken 17 times
  • The average score is 41 of 311

Answer Stats

Type Year Name % Correct
Soundtrack1968Elvis
90%
EP1956Elvis Vol. 1
90%
Album1973Elvis
90%
Album1956Elvis
90%
EP1956Love Me Tender
70%
Compilation2009Elvis: Love Me Tender - The Love Songs
70%
Compilation1987Love Me Tender
70%
Soundtrack1961Blue Hawaii
70%
Soundtrack1960G.I. Blues
60%
Studio Out-Takes2013Cafe Europa Sessions: G.I. Blues Volume 2
60%
Compilation2000That's the Way It Is
50%
EP1957Jailhouse Rock
50%
Album1962Girls! Girls! Girls!
50%
Soundtrack1970That's the Way It Is
50%
EP1962Kid Galahad
50%
Compilation1996Heartbreak Hotel (CD Single)
40%
Soundtrack1964Kissin' Cousins
40%
EP1964Viva Las Vegas
40%
Soundtrack1964Roustabout
40%
Compilation20032nd to None
40%
Compilation2012The King
40%
Compilation2007Viva Las Vegas
40%
EP1956Elvis Presley
40%
EP1956Heartbreak Hotel
40%
EP1956Elvis Presley
40%
EP1956Elvis Presley
40%
EP1957Loving You, Vol. 1
40%
Soundtrack1957Loving You
40%
Album1956Elvis Presley
40%
Soundtrack1965Girl Happy
30%
Soundtrack1966Frankie and Johnny
30%
Album1977Moody Blue
30%
Box Set1999Peace in the Valley: The Compete Gospel Recordings
30%
Live Album1970On Stage
30%
Album1971Elvis Country (I'm 10,000 Years Old)
30%
Compilation1998Memories: The '68 Comeback Special
30%
Soundtrack1966Paradise, Hawaiian Style
30%
Soundtrack1966Spinout
30%
Compilation1999Suspicious Minds
30%
Album1969From Elvis in Memphis
30%
Compilation1996A Hundred Years from Now (Essential Elvis Vol. 4)
30%
Soundtrack1968Speedway
30%
Album1963Fun in Acapulco
30%
Budget Album1975Frankie & Johnny
30%
Compilation2000Such a Night (Essential Elvis Vol. 6)
30%
Compilation1988Essential Elvis
30%
Stereo Concert2009The Wonder of You
30%
Compilation1989Elvis Presley Stereo '57 (Essential Elvis Vol. 2)
30%
Collaborative Compilation2015If I Can Dream
30%
Collaborative Compilation2016The Wonder of You
30%
Holiday Compilation1992Blue Christmas
30%
Compilation1991Hits Like Never Before (Essential Elvis Vol. 3)
30%
Holiday EP1958Christmas with Elvis
30%
Book w/ CD2010King Creole - The Music
30%
EP1958King Creole Vol. 1
30%
Soundtrack1958King Creole
30%
EP1957Peace in the Valley
30%
Album1960Elvis Is Back!
30%
EP1962Follow That Dream
30%
Collaborative Holiday Compilation2017Christmas with Elvis and the Royal Philharmonic Orchestra
30%
Holiday Compilation2003Christmas Peace
20%
EP1956The Real Elvis
20%
Compilation1973Separate Ways
20%
Compilation1997Greatest Jukebox Hits
20%
Compilation2004Elvis at Sun
20%
Album1972He Touched Me
20%
Box Set1999Artist of the Century
20%
Compilation1999Burning Love
20%
Compilation1977Welcome to My World
20%
Compilation1976The Sun Sessions
20%
EP1956Elvis Vol. 2
20%
Album1975Promised Land
20%
Compilation2000The 50 Greatest Hits
20%
Compilation1971I Got Lucky
20%
Spoken Word Album1974Having Fun with Elvis on Stage
20%
Compilation2017A Boy from Tupelo: The Complete 1953-1955 Recordings
20%
Album1976From Elvis Presley Boulevard, Memphis, Tennessee
20%
Compilation1999Sunrise
20%
Compilation2002ELV1S: 30 #1 Hits
20%
Holiday Compilation2006Elvis Christmas
20%
Soundtrack1967Clambake
20%
Holiday Album1971Elvis Sings The Wonderful World of Christmas
20%
Album1959A Date with Elvis
20%
Soundtrack1967Double Trouble
20%
Soundtrack1965Harum Scarum
20%
Soundboard Concert2011Live in L.A.
20%
Album1967How Great Thou Art
20%
Album1962Pot Luck
20%
Book w/ CD2012A Boy from Tupelo
20%
Compilation1981Elvis: Greatest Hits Volume 1
20%
Book w/ CD2007Live in L.A.
20%
Compilation1981This Is Elvis
20%
Compilation1997An Afternoon in the Garden
20%
Album1963It Happened at the World's Fair
20%
Compilation2008Boy from Tupelo
20%
Box Set1995Walk a Mile in My Shoes: The Essential '70s Masters
10%
Compilation1999Tomorrow Is a Long Time
10%
Compilation1996Elvis 56
10%
Compilation1995Heart and Soul
10%
Compilation1991Collector's Gold
10%
Compilation1990The Great Performances
10%
Box Set1997Platinum: A Life in Music
10%
Compilation1998Love Songs
10%
Compilation1988Elvis in Nashville
10%
Compilation1991The Lost Album
10%
Compilation1994Amazing Grace: His Greatest Sacred Performances
10%
Soundboard Concert2008America
10%
Compilation2012Uncovered
10%
Studio Out-Takes2012Our Memories of Elvis - Volumes 1, 2 & 3
10%
Box Set2012The Platinum Collection
10%
Studio Out-Takes2011Guitar Man
10%
Stereo Concert2011Live in Vegas
10%
Book w/ CD2012Welcome Home Elvis 1960
10%
Box Set2013Elvis at Stax
10%
Compilation2016Way Down in the Jungle Room
10%
Compilation2016I'm Leavin'
10%
Compilation2015Live a Little Love a Little
10%
Compilation2015Elvis Forever
10%
Soundtrack2010Viva Elvis
10%
Box Set2009Elvis 75: Good Rockin' Tonight
10%
Box Set2002Today, Tomorrow, and Forever
10%
Box Set2001Live in Las Vegas
10%
Compilation2001Country Side of Elvis
10%
Box Set2000Legendary
10%
Compilation2004Ultimate Gospel
10%
Stereo Concert2005All Shook Up
10%
Box Set2009I Believe: The Gospel Masters
10%
Collaborative Holiday Compilation2008Christmas Duets
10%
Stereo Concert2007An American Trilogy
10%
Box Set2007Elvis the King
10%
Holiday Compilation2000White Christmas
10%
Compilation1998Tiger Man
10%
Compilation1974Elvis' 40 Greatest
10%
Album1975Today
10%
Compilation1971You'll Never Walk Alone
10%
EP1958Elvis Sails
10%
Album1974Good Times
10%
Album1971Love Letters from Elvis
10%
Compilation1975Double Dynamite
10%
Live Album1977Elvis in Concert
10%
Compilation1978He Walks Beside Me
10%
Compilation1968Elvis' Golden Records, Volume 4
10%
EP1967Easy Come, Easy Go
10%
Compilation1958Elvis' Golden Records
10%
Compilation1987The Memphis Record
10%
EP1965Tickle Me
10%
Compilation1963Elvis' Golden Records
10%
Compilaton1959Elvis' Golden Records, Volume 2
10%
Album1960His Hand in Mine
10%
Live Album1972Elvis: As Recorded at Madison Square Garden
10%
Album1972Elvis Now
10%
Compilation1963Elvis' Golden Records, Volume 3
10%
Spoken Word Album1959Elvis Sails
10%
Compilation1971C'mon Everybody
10%
Album1959For LP Fans Only
10%
Album1973Raised on Rock / For Ol' Times Sake
10%
Live Album1973Aloha from Hawaii via Satellite
10%
Compilation1978Mahalo from Elvis
10%
Compilation1975Pure Gold
10%
Compilation1984Elvis: The Hillbilly Cat
10%
Compilation1978Elvis: A Canadian Tribute
10%
EP1956Anyway You Want Me
10%
Budget Album1969Elvis Sings Flaming Star
10%
Box Set1984A Golden Celebration
10%
Compilation1984Elvis' Golden Records Volume 5
10%
Holiday Album1957Elvis' Christmas Album
10%
Compilation1985A Valentine Gift for You
10%
Compilation1985Reconsider Baby
10%
Budget Album1969Let's Be Friends
10%
EP1957Strictly Elvis
10%
Compilation1987The Top Ten Hits
10%
Compilation1987The Number One Hits
10%
Budget Album1970Almost in Love
10%
Box Set1980Elvis Aron Presley
10%
Compilation1979Our Memories of Elvis Volume 2
10%
Compilation1979Our Memories of Elvis
10%
Budget Holiday Album1970Elvis' Christmas Album
10%
Compilation1987The Complete Sun Sessions
10%
EP1957Just for You
10%
Holiday Compilation1982Memories of Christmas
10%
Compilation1982The Elvis Medley
10%
Compilation1983I Was the One
10%
Book w/ CD2011A Moment in Time
0%
Album1961Somebody for Everybody
0%
Soundboard Concert2011Amarillo '77
0%
Box Set2011Young Man with the Big Beat
0%
Soundboard Concert2010Chicago Stadium
0%
EP1961Elvis by Request
0%
Soundboard Concert2010Elvis as Recorded at Boston Garden '71
0%
Compilation2010Elvis: Best of Love
0%
Compilation2009The UK Sun Sessions
0%
Studio Out-Takes2009From Sunset to Vegas
0%
Compilation1965Elvis for Everyone!
0%
Studio Out-Takes2011Stage Rehearsal
0%
Soundboard Concert2009Dixieland Delight
0%
Soundboard Concert2009New Haven '76
0%
Box Set2010The Complete Elvis Presley Masters
0%
Soundboard Concert2010A Minnesota Moment
0%
Soundboard Concert2010High Sierra - May '74
0%
Compilation2010Playlist: The Very Best Gospel of Elvis Presley
0%
Soundboard Concert2008Nevada Nights
0%
Soundboard Concert2008I'll Remember You
0%
Soundboard Concert2010Showtime! Birmingham '76/Dallas '76
0%
Soundboard Concert20123000 South Paradise Road
0%
Soundboard Concert2014The Return to Vegas
0%
EP1958King Creole Vol. 2
0%
Compilation2015In West Texas - Odessa, May 30, 1976
0%
Book w/ CD2014How RCA Brought Elvis to Europe
0%
Book w/ CD2014Memphis to Nashville '61
0%
Studio Out-Takes2013Elvis at American Sound Studio
0%
Soundboard Concert2014Destination USA
0%
Holiday EP1957Elvis Sings Christmas Songs
0%
Holiday Compilation2015Elvis: Ultimate Christmas
0%
Compilation2016Hometown Shows
0%
Compilation2016Las Vegas 1975
0%
Collaborative Compilation2017Elvis Symphonique
0%
Compilation2016Spirit of Jackson, MS
0%
EP1957Loving You, Vol. 2
0%
Compilation2015Elvis in Alabama - The Last Double Date
0%
Box Set2016The Album Collection
0%
Soundboard Concert2013The On Stage Session: February 1970
0%
Soundboard Concert2013Sold Out!
0%
Box Set2012Prince from Another Planet
0%
EP1959A Touch of Gold Vol. 2
0%
EP1959A Touch of Gold Vol. 1
0%
Holiday Compilation2012The Classic Christmas Album
0%
Compilation2012I Am an Elvis Fan
0%
Soundboard Concert2011Forty Eight Hours to Memphis
0%
EP1960A Touch of Gold Vol. 3
0%
Soundboard Concert2012Another Saturday Night
0%
Rehearsal2012From Hawaii to Las Vegas
0%
Compilation2013The Nation's Favourite Elvis Song
0%
Stereo Concert2013Hot August Night
0%
Holiday Compilation2013Merry Christmas... Love, Elvis
0%
Live Album1969From Memphis to Vegas / From Vegas to Memphis
0%
Book w/ CD2012From Memphis to Hollywood
0%
Studio Out-Takes2012Hits of the '70s
0%
Book w/ CD2011Fashion for a King
0%
Soundboard Concert2006I Found My Thrill
0%
Stereo Concert2001One Night in Vegas
0%
Studio Out-Takes20016363 Sunset Boulevard
0%
Studio Out-Takes2001Easter Special
0%
Compilation1974Elvis: A Legendary Performer Volume 1
0%
Studio Out-Takes2000Too Much Monkey Business
0%
Studio Out-Takes2000The Jungle Room Sessions
0%
Studio Out-Takes2000Long Lonely Highway
0%
Soundboard Concert2000Tucson '76
0%
Soundboard Concert2001Dixieland Rocks
0%
Studio Out-Takes2001Memphis Sessions
0%
Studio Out-Takes2002The Nashville Marathon
0%
Soundboard Concert2002Dinner at Eight
0%
Compilation1972Burning Love and Hits from Movies, Volume 2
0%
Stereo Concert2002Spring Tours '77
0%
Studio Out-Takes2002Fame and Fortune
0%
Studio Out-Takes2001Silver Screen Stereo
0%
Soundboard Concert2002It's Midnight
0%
Home Recording2000In a Private Moment
0%
Live Album1974Elvis Recorded Live on Stage in Memphis
0%
Compilation1995Command Performances: The Essential 60s Masters II
0%
Live Compilation1984Elvis: The First Live Recordings
0%
Compilation1995The Essential Collection
0%
Holiday Compilation1994If Everyday Was Like Christmas
0%
Box Set1993From Nashville to Memphis: The Essential '60s Masters
0%
Compilation1991Elvis Presley Sings Leiber & Stoller
0%
Box Set1992The King of Rock 'n' Roll: The Complete 50's Masters
0%
Compilation1983Elvis: A Legendary Performer Volume 4
0%
Compilation1981Guitar Man (Remix)
0%
Rehearsal1999Burbank '68
0%
Studio Out-Takes1999Out In Hollywood
0%
Compilation2000The Elvis Presley Collection - Country
0%
Holiday Compilation1999It's Christmas Time
0%
Compilation1976Elvis: A Legendary Performer Volume 2
0%
Compilation1979Elvis: A Legendary Performer Volume 3
0%
Compilation1978Elvis Sings for Children and Grownups Too
0%
Compilation1972Elvis Sings Hits from the Movies, Volume 1
0%
Box Set2003Elvis: Close Up
0%
Studio Out-Takes2006Made In Memphis
0%
Studio Out-Takes2006Let Yourself Go
0%
Book w/ CD2006Writing for the King
0%
Soundboard Concert2006Southern Nights
0%
Compilation2006The Complete Million Dollar Quartet
0%
Box Set2006#1 Singles
0%
Compilation2006Elvis Inspirational
0%
Compilation2007The Essential Elvis Presley
0%
Compilation2007Introducing Elvis
0%
Compilation2008Playlist: The Very Best of Elvis Presley
0%
Box Set2008The Complete '68 Comeback Special
0%
Compilation2008Collector's Edition: Elvis Inspirational Memories
0%
Studio Out-Takes2007I Sing All Kinds
0%
Soundboard Concert2007Unchained Melody
0%
Holiday Compilation2007Home for the Holidays
0%
Compilation2007The Very Best of Love
0%
Soundboard Concert2005Summer Festival
0%
Box Set1971The Other Sides - Elvis Worldwide Gold Award Hits Vol. 2
0%
Studio Out-Takes2004So High: Nashville Outtakes 1966-1968
0%
Soundboard Concert2004The Impossible Dream
0%
Book w/ CD2004Flashback
0%
Soundboard Concert2003Takin' Tahoe Tonight
0%
Soundboard Concert2003Dragon Heart
0%
Stereo Concert2003Elvis at the International
0%
Audience Concert Recording2003Studio B Nashville Outtakes 1961-1964
0%
Stereo Concert2004Pork Salad Annie
0%
Soundboard Concert2004Closing Night
0%
Studio Out-Takes2005On Tour - The Rehearsals
0%
Book w/ CD2005Rocking Across Texas
0%
Soundboard Concert2005Big Boss Album
0%
Compilation2005The Definitive Collection
0%
Box Set2005Elvis 18 UK Number 1's
0%
Compilation2005Elvis by the Presleys
0%
Compilation2005Hitstory
0%
Box Set1970Worldwide 50 Gold Award Hits Vol. 1
0%

Score Distribution

Percentile by Number Answered

Percent of People with Each Score

Your Score History

You have not taken this quiz